Statistiche per In quale squadra ha giocato? - Quiz n°3

Clicka qui per fare il quiz!

Statistiche generali

  • Questo quiz è stato fatto 3 volte
  • Il punteggio medio è 4 su 6

Statistiche sulle risposte

DomandaRisposta% Corretto
Marten de RoonAtalanta
100%
Stevan JovetićPartizan Belgrado
100%
Kieran TrippierAtletico Madrid
50%
Lorenzo MontipòBenevento
50%
Roberto BettegaVarese
50%
Cristiano LucarelliCosenza
0%

Distribuzione punteggi

Percentile per numero di risposta

Percentuale di utenti per punteggio

I tuoi punteggi nel tempo

Non hai fatto questo quiz